[Event "34th Asia-ch U20"]
[Site "Tashkent UZB"]
[Date "2012.06.05"]
[Round "7.5"]
[White "Begmuratov, Alisher"]
[Black "Kozganbay, Erkin"]
[Result "1/2-1/2"]
[WhiteElo "2249"]
[BlackElo "2317"]
[EventDate "2012.05.30"]
[PlyCount "144"]

1.e4 c5 2.Nf3 d6 3.d4 cxd4 4.Qxd4 Nc6 5.Bb5 Qd7 6.Nc3 Nxd4 7.Nxd4 Nf6 8.f3
a6 9.Bxd7+ Bxd7 10.Be3 O-O-O 11.O-O-O e6 12.Rd2 Be7 13.Rhd1 Kc7 14.Kb1 h6 
15.g4 g5 16.h4 gxh4 17.Rh2 Rdg8 18.Rdh1 Ne8 19.Bf2 Bf6 20.Nde2 h5 21.gxh5 
Rxh5 22.Bxh4 Rgh8 23.Bg3 Rxh2 24.Rxh2 Rg8 25.Bf2 Be5 26.f4 Bf6 27.Rh7 Rg2 
28.Be3 Bg7 29.Rh1 Bc6 30.Nd4 Nf6 31.Nxc6 Kxc6 32.Rg1 Rxg1+ 33.Bxg1 Bh6 34.
Bh2 d5 35.exd5+ Nxd5 36.Ne2 Ne3 37.Bg1 Ng2 38.f5 e5 39.Bf2 e4 40.c4 Nf4 
41.Nc3 Nd3 42.Nxe4 Nxf2 43.Nxf2 Kc5 44.Ne4+ Kxc4 45.Nd6+ Kd5 46.Nxf7 Bf8 
47.f6 b6 48.Ng5 Bh6 49.f7 Kd6 50.Ne4+ Ke7 51.Nc3 Kxf7 52.Nd5 Ke6 53.Nc7+ 
Kd7 54.Nxa6 Bf8 55.Kc2 Kc6 56.Kb3 Bg7 57.Nb4+ Kc5 58.a4 Bf6 59.Nd3+ Kd4 
60.Nf2 Be7 61.Nd1 Bf8 62.Nc3 Be7 63.Nb5+ Kc5 64.Na7 Bd6 65.Nb5 Be7 66.Nc3 
Kd4 67.Ne2+ Kc5 68.Nf4 b5 69.a5 Kc6 70.Nd3 Kb7 71.Kc3 Ka6 72.b4 Bf8 
1/2-1/2

[Event "34th Asia-ch U20"]
[Site "Tashkent UZB"]
[Date "2012.06.05"]
[Round "7.11"]
[White "Karayev, Assylkhan"]
[Black "Khudoykulov, Nuriddin"]
[Result "1/2-1/2"]
[WhiteElo "2276"]
[BlackElo "2023"]
[EventDate "2012.05.30"]
[PlyCount "150"]

1.b3 Nf6 2.Bb2 e6 3.e3 c5 4.f4 Be7 5.Nf3 d6 6.g3 b6 7.Bg2 Bb7 8.O-O Nbd7 
9.d3 O-O 10.Qe2 Qc7 11.e4 Rad8 12.Nbd2 a6 13.Rae1 b5 14.Kh1 Nb6 15.c4 bxc4
16.dxc4 Rfe8 17.e5 Nfd7 18.exd6 Bxd6 19.Ne4 Be7 20.Bc3 Nc8 21.Qb2 Bf8 22.
Ne5 h6 23.Qe2 Nd6 24.Qh5 Bxe4 25.Bxe4 Nf6 26.Qf3 Ndxe4 27.Rxe4 Nxe4 28.
Qxe4 Rd6 29.g4 Red8 30.Qe2 Be7 31.g5 hxg5 32.fxg5 Qb7+ 33.Kg1 Rf8 34.h4 
Bd8 35.Ng4 Qd7 36.Nf6+ Bxf6 37.gxf6 Rd4 38.fxg7 Rd8 39.Qh5 f5 40.Bxd4 
Qxd4+ 41.Rf2 Qd1+ 42.Qxd1 Rxd1+ 43.Rf1 Rxf1+ 44.Kxf1 a5 45.Ke1 e5 46.a4 f4
47.b4 axb4 48.a5 b3 49.Kd2 f3 50.a6 f2 51.a7 f1=Q 52.a8=Q+ Kxg7 53.Qa7+ 
Kf6 54.Qxc5 Qb1 55.Qf2+ Ke6 56.Kc3 e4 57.Qd2 Ke5 58.h5 Qa2 59.Qg5+ Ke6 60.
Qd5+ Kf6 61.Qxe4 b2 62.Qg6+ Ke5 63.Qg3+ Ke6 64.Qe1+ Kd7 65.Qd2+ Kc6 66.
Qd5+ Kc7 67.Qc5+ Kd7 68.Qb5+ Kc7 69.Qxb2 Qa5+ 70.Qb4 Qxh5 71.Qe7+ Kc6 72.
Kb4 Qf5 73.Qe8+ Kc7 74.Qe1 Qf8+ 75.Ka4 Qa8+ 1/2-1/2

[Event "34th Asia-ch U20"]
[Site "Tashkent UZB"]
[Date "2012.06.05"]
[Round "7.12"]
[White "Igonin, Temur"]
[Black "Jumanov, Elbek"]
[Result "1/2-1/2"]
[WhiteElo "1917"]
[BlackElo "1941"]
[EventDate "2012.05.30"]
[PlyCount "87"]

1.e4 c5 2.Nf3 e6 3.d4 cxd4 4.Nxd4 Nf6 5.Nc3 d6 6.Be2 a6 7.O-O Be7 8.f4 Qc7
9.Be3 O-O 10.Bf3 Nc6 11.Kh1 Na5 12.Qe1 Rb8 13.b3 Bd7 14.Bd2 Nc6 15.Nxc6 
Bxc6 16.Qg3 b5 17.e5 Ne8 18.Ne4 Bxe4 19.Bxe4 g6 20.Rad1 Ng7 21.exd6 Bxd6 
22.Qc3 Qe7 23.Qc6 f5 24.Bf3 Rfc8 25.Qxa6 Rxc2 26.Be3 Bc5 27.Qc6 Qe8 28.Rd7
Bxe3 29.Rxg7+ Kxg7 30.Qxc2 Kg8 31.g3 b4 32.Qe2 Bd4 33.Re1 Rb6 34.Qc4 Bc3 
35.Rd1 Qb8 36.Rd7 Rd6 37.Rb7 Rd1+ 38.Kg2 Rd2+ 39.Kg1 Rd1+ 40.Kg2 Rd2+ 41.
Kg1 Rd1+ 42.Bxd1 Qxb7 43.Qxe6+ Kg7 44.Qc4 1/2-1/2

[Event "34th Asia-ch U20"]
[Site "Tashkent UZB"]
[Date "2012.06.06"]
[Round "8.1"]
[White "Artemenko, Oleg"]
[Black "Narayanan, Srinath"]
[Result "0-1"]
[WhiteElo "2298"]
[BlackElo "2383"]
[EventDate "2012.05.30"]
[PlyCount "118"]

1.c4 c5 2.Nf3 Nc6 3.d4 cxd4 4.Nxd4 Nf6 5.Nc3 e6 6.Ndb5 d5 7.Bf4 d4 8.Nc7+ 
Ke7 9.N3b5 e5 10.Bg5 Rb8 11.e3 a6 12.Nd5+ Kd7 13.exd4 Nxd5 14.Bxd8 Bb4+ 
15.Ke2 Nf4+ 16.Kf3 Rxd8 17.d5 axb5 18.dxc6+ Kc7 19.Qb3 Bc5 20.Qxb5 b6 21.
b4 Bd4 22.Rd1 Ne6 23.Kg3 f6 24.Be2 e4 25.f4 Ra8 26.a4 g5 27.fxg5 Be5+ 28.
Kh4 Rg8 29.Rd7+ Bxd7 30.cxd7 Nf4 31.g3 Nxe2 32.c5 Nd4 33.Qxb6+ Kxd7 34.
Qb7+ Ke6 35.Qxe4 Rxa4 36.gxf6 Rxb4 37.Kh3 Rg6 38.Re1 Rh6+ 39.Kg2 Rh5 40.
Qg4+ Rf5 41.Qg8+ Kxf6 42.Qh8+ Ke6 43.Qe8+ Kf6 44.c6 Rb2+ 45.Kh3 Nf3 46.Rh1
Ng5+ 47.Kh4 Rb8 48.Qd7 h5 49.c7 Rb4+ 50.Kxh5 Ne6+ 51.Kh6 Bxc7 52.Rd1 Rg4 
53.Qe8 Bf4+ 54.Kh7 Rg7+ 55.Kh8 Rg6 56.Rd7 Rh5+ 57.Rh7 Rxh7+ 58.Kxh7 Ng5+ 
59.Kh8 Nf7+ 0-1

[Event "34th Asia-ch U20"]
[Site "Tashkent UZB"]
[Date "2012.06.06"]
[Round "8.2"]
[White "Khoroshev, Nikita"]
[Black "Swayams, Mishra"]
[Result "0-1"]
[WhiteElo "2319"]
[BlackElo "2420"]
[EventDate "2012.05.30"]
[PlyCount "78"]

1.d4 Nf6 2.c4 e6 3.g3 d5 4.Bg2 Bb4+ 5.Bd2 Be7 6.Nf3 O-O 7.O-O c6 8.Qc2 
Nbd7 9.Bf4 Ne4 10.Nbd2 f5 11.Nxe4 fxe4 12.Nd2 Bf6 13.Rad1 Qe7 14.Be3 b6 
15.f3 exf3 16.Bxf3 Bb7 17.Bf2 Bg5 18.Bg2 Rf7 19.Nf3 Bh6 20.b3 Raf8 21.Qd3 
c5 22.Be3 dxc4 23.bxc4 Bxe3+ 24.Qxe3 Bxf3 25.Rxf3 cxd4 26.Qxd4 Qc5 27.Bh3 
Qxd4+ 28.Rxd4 Nc5 29.Re3 Re7 30.Re5 Rf6 31.Bg4 Kf7 32.Bh3 g6 33.Bg4 Rd7 
34.e3 Ke7 35.h4 h6 36.Bd1 Rf8 37.Bg4 Rdd8 38.Rdd5 Rxd5 39.cxd5 Kd6 0-1

[Event "34th Asia-ch U20"]
[Site "Tashkent UZB"]
[Date "2012.06.06"]
[Round "8.3"]
[White "Ankit, R. Rajpara"]
[Black "Akhmetov, Ayan"]
[Result "0-1"]
[WhiteElo "2412"]
[BlackElo "2264"]
[EventDate "2012.05.30"]
[PlyCount "110"]

1.e4 e6 2.d4 d5 3.Nd2 Nf6 4.e5 Nfd7 5.c3 c5 6.Bd3 Nc6 7.Ne2 cxd4 8.cxd4 f6
9.exf6 Qxf6 10.Nf3 h6 11.O-O Bd6 12.Ng3 O-O 13.Bc2 Rf7 14.Nh5 Qd8 15.Bg6 
Re7 16.Bf4 Nf8 17.Bc2 Rf7 18.Bxd6 Qxd6 19.Ba4 Ng6 20.Bxc6 bxc6 21.Re1 Bd7 
22.Qd3 Rf5 23.Ng3 Rf6 24.Nh5 Rf5 25.Ng3 Rf6 26.Ne5 Be8 27.Qc3 Rb8 28.Rac1 
Qb4 29.Nd3 Qb6 30.Nh5 Rf5 31.Ng3 Rf6 32.b3 Qc7 33.Nc5 Qf4 34.Qe3 Nf8 35.
Qxf4 Rxf4 36.Ne2 Rf6 37.Nd3 Ng6 38.g3 Kf8 39.Rc5 Ke7 40.Ne5 Kd6 41.f4 Ne7 
42.Ra5 Rb7 43.Ra6 g5 44.Rc1 gxf4 45.Nxf4 Rb4 46.Rxa7 Rxd4 47.Ng4 Rf8 48.
Ne3 e5 49.Nfg2 Bg6 50.a3 Be4 51.b4 Rd2 52.b5 Rff2 53.bxc6 Rxg2+ 54.Nxg2 
Rxg2+ 55.Kf1 Rxh2 0-1

[Event "34th Asia-ch U20"]
[Site "Tashkent UZB"]
[Date "2012.06.06"]
[Round "8.4"]
[White "Aravindh, Chithambaram VR"]
[Black "Begmuratov, Alisher"]
[Result "1-0"]
[WhiteElo "2228"]
[BlackElo "2249"]
[EventDate "2012.05.30"]
[PlyCount "87"]

1.e4 e5 2.Nf3 Nc6 3.Bc4 Bc5 4.c3 Nf6 5.d4 exd4 6.e5 d5 7.Bb5 Ne4 8.cxd4 
Bb4+ 9.Bd2 Bxd2+ 10.Nbxd2 O-O 11.O-O Ne7 12.Bd3 Bf5 13.Qc2 Nxd2 14.Nxd2 
Qd7 15.Bxf5 Nxf5 16.Qd3 f6 17.f4 fxe5 18.dxe5 c5 19.Rae1 c4 20.Qc3 Rae8 
21.Nf3 Qc6 22.Nd4 Qc5 23.Rd1 a5 24.Rf2 g5 25.g3 Nh6 26.h3 Re7 27.Rdd2 gxf4
28.gxf4 Nf5 29.Kh2 Ng7 30.Qg3 Qc7 31.Rg2 Kh8 32.Rdf2 Qb8 33.Qg5 Qc7 34.Rf3
Ref7 35.Rfg3 Qe7 36.Qh6 Ne8 37.Ne6 d4 38.Nxf8 Qxf8 39.Qxf8+ Rxf8 40.f5 h6 
41.f6 Kh7 42.Rg4 Rf7 43.Rxd4 b5 44.Rd8 1-0

[Event "34th Asia-ch U20"]
[Site "Tashkent UZB"]
[Date "2012.06.06"]
[Round "8.5"]
[White "Vakhidov, Jahongir"]
[Black "Saeed, Ishaq"]
[Result "1-0"]
[WhiteElo "2439"]
[BlackElo "2240"]
[EventDate "2012.05.30"]
[PlyCount "51"]

1.d4 d5 2.c4 e6 3.Nc3 c6 4.e4 dxe4 5.Nxe4 Bb4+ 6.Bd2 Qxd4 7.Bxb4 Qxe4+ 8.
Ne2 Na6 9.Bf8 Qe5 10.Qd2 Qf6 11.Bd6 Bd7 12.O-O-O c5 13.Bf4 Qe7 14.Nc3 Nf6 
15.Bd6 Qd8 16.Be2 Qb6 17.Bf3 Bc6 18.Bxc6+ bxc6 19.Be5 Rg8 20.Qf4 Rd8 21.
Rxd8+ Qxd8 22.Rd1 Qe7 23.Ne4 Nh5 24.Qf3 f6 25.Qxh5+ g6 26.Qxh7 1-0

[Event "34th Asia-ch U20"]
[Site "Tashkent UZB"]
[Date "2012.06.06"]
[Round "8.6"]
[White "Yakubboev, Nodirbek"]
[Black "Kozganbay, Erkin"]
[Result "1/2-1/2"]
[WhiteElo "1909"]
[BlackElo "2317"]
[EventDate "2012.05.30"]
[PlyCount "165"]

1.Nf3 c5 2.c4 Nc6 3.Nc3 g6 4.g3 Bg7 5.Bg2 d6 6.O-O e5 7.d3 Nge7 8.Ne1 Be6 
9.Nc2 d5 10.cxd5 Nxd5 11.Ne3 Nde7 12.Nc4 O-O 13.f4 exf4 14.Bxf4 Nd5 15.Bd2
Rb8 16.a4 Qd7 17.Ne4 Bh3 18.Bxh3 Qxh3 19.Bc3 Nxc3 20.bxc3 Ne5 21.Nxe5 Bxe5
22.Rf3 Qc8 23.Qb3 c4 24.Qb5 Qe6 25.Raf1 cxd3 26.exd3 a6 27.Qb4 Qd5 28.Qc5 
Rbd8 29.Qxd5 Rxd5 30.d4 Bg7 31.Rb1 b5 32.Nc5 bxa4 33.Nxa4 Rb5 34.Re1 Rb3 
35.Kg2 Ra3 36.Nc5 a5 37.Re7 Ra2+ 38.Rf2 Rxf2+ 39.Kxf2 Ra8 40.Na4 Rc8 41.
Ra7 h5 42.Rxa5 Kh7 43.Nc5 Rb8 44.Ra2 g5 45.Ke3 Kg6 46.Ne4 g4 47.Kd3 h4 48.
gxh4 Rh8 49.Rg2 Rxh4 50.Nf2 f5 51.h3 Kg5 52.hxg4 fxg4 53.c4 Kf4 54.c5 Kf3 
55.Rxg4 Rh7 56.c6 Bh8 57.Rg8 Kxf2 58.Rxh8 Rxh8 59.d5 Kf3 60.c7 Kf4 61.d6 
Rh6 62.c8=Q Rxd6+ 63.Ke2 Rd4 64.Qf8+ Ke4 65.Qf3+ Ke5 66.Ke3 Rb4 67.Qh5+ 
Kd6 68.Qg6+ Kc5 69.Qe6 Ra4 70.Qe5+ Kb6 71.Qd6+ Kb5 72.Kd3 Ra7 73.Kd4 Ra1 
74.Qc5+ Ka6 75.Qc6+ Ka7 76.Qc2 Ra5 77.Qc7+ Ka6 78.Qb8 Rb5 79.Qc8+ Ka5 80.
Qd8+ Kb4 81.Qc7 Ka4 82.Kc3 Rc5+ 83.Qxc5 1/2-1/2

[Event "34th Asia-ch U20"]
[Site "Tashkent UZB"]
[Date "2012.06.06"]
[Round "8.7"]
[White "Saiyn, Zhanat"]
[Black "Alikulov, Elbek"]
[Result "1-0"]
[WhiteElo "2180"]
[BlackElo "2249"]
[EventDate "2012.05.30"]
[PlyCount "69"]

1.d4 Nf6 2.c4 c5 3.d5 g6 4.Nc3 Bg7 5.e4 d6 6.Bd3 O-O 7.h3 e6 8.Nf3 exd5 9.
exd5 Re8+ 10.Be3 Na6 11.O-O Nc7 12.a4 Na6 13.Na2 Bd7 14.Qc2 Nh5 15.Rfe1 
Qf6 16.Bg5 Qxb2 17.Rxe8+ Bxe8 18.Qxb2 Bxb2 19.Rb1 Bg7 20.g4 Nf6 21.Rxb7 
Bxa4 22.Nc3 Be8 23.Bxf6 Bxf6 24.Ne4 Bd8 25.Nxd6 Bb6 26.Ng5 Nc7 27.Nde4 h6 
28.Nf3 Ba4 29.Ne5 Rf8 30.Nc3 Bb3 31.Nd7 Ne8 32.Nxb6 axb6 33.Rxb6 Bxc4 34.
Bxc4 Kg7 35.Rc6 1-0

[Event "34th Asia-ch U20"]
[Site "Tashkent UZB"]
[Date "2012.06.06"]
[Round "8.8"]
[White "Sapaev, Maksad"]
[Black "Saydaliev, Saidakbar"]
[Result "1-0"]
[WhiteElo "2147"]
[BlackElo "1867"]
[EventDate "2012.05.30"]
[PlyCount "59"]

1.e4 c5 2.Nf3 e6 3.c3 d5 4.exd5 exd5 5.d4 a6 6.Ne5 Bd6 7.Bd3 Ne7 8.O-O 
Nbc6 9.Nxc6 bxc6 10.Re1 O-O 11.Bg5 Qc7 12.dxc5 Bxc5 13.Nd2 Ng6 14.Nf3 Bg4 
15.h3 Bh5 16.Be3 Bxe3 17.Rxe3 Nf4 18.Bf1 Rfe8 19.Qd2 Rxe3 20.Qxe3 Ne6 21.
Nd4 Qb6 22.Re1 Nf8 23.Qe5 Bg6 24.Qd6 Qxb2 25.Qxc6 Rb8 26.a4 a5 27.Bb5 Qd2 
28.Nf3 Qf4 29.Qxd5 Ne6 30.Qe5 1-0

[Event "34th Asia-ch U20"]
[Site "Tashkent UZB"]
[Date "2012.06.06"]
[Round "8.9"]
[White "Sattarov, Bobur"]
[Black "Ismailov, Mukhit"]
[Result "1/2-1/2"]
[WhiteElo "2151"]
[BlackElo "2221"]
[EventDate "2012.05.30"]
[PlyCount "157"]

1.e4 e5 2.Qf3 Nf6 3.Bc4 Nc6 4.c3 Na5 5.Bb5 a6 6.Ba4 b5 7.Bc2 Bb7 8.Ne2 g6 
9.d3 Bg7 10.Bg5 d6 11.Nd2 Qe7 12.h3 Nc6 13.a4 Nd8 14.Nf1 Ne6 15.Bh4 g5 16.
Bg3 h5 17.axb5 axb5 18.Rxa8+ Bxa8 19.Ne3 Ng8 20.Nf5 Qf6 21.h4 g4 22.Qe3 
Ne7 23.Nxg7+ Qxg7 24.d4 O-O 25.O-O Kh8 26.Ra1 Rc8 27.d5 Nf8 28.Ra7 f5 29.
exf5 Bxd5 30.Qg5 Nh7 31.Qe3 Qf7 32.Qd3 Bc4 33.Qe4 Bd5 34.Qe3 Nxf5 35.Bxe5+
dxe5 36.Qxe5+ Ng7 37.Nf4 Re8 38.Qxc7 Qxc7 39.Rxc7 Be4 40.Bb3 Nf6 41.Rf7 
Ng8 42.Rc7 Nh6 43.Rc5 Nhf5 44.Bf7 Rb8 45.Re5 Bc2 46.Bg6 Rf8 47.Nxh5 Nxh5 
48.Bxh5 g3 49.fxg3 Nxg3 50.Bf3 Bd3 51.Kf2 Nf5 52.g4 Nd6 53.Kg3 Bc4 54.Re7 
Nc8 55.Rc7 Nb6 56.Rc5 Na4 57.Rh5+ Kg7 58.b3 Nxc3 59.Rc5 Ne2+ 60.Kf2 Nc1 
61.Rg5+ Kh6 62.bxc4 bxc4 63.Ke3 Kh7 64.Be4+ Kh8 65.Rh5+ Kg7 66.Rc5 Nd3 67.
Rxc4 Ne5 68.Rc7+ Rf7 69.Rxf7+ Kxf7 70.g5 Kg7 71.Kf4 Nf7 72.Bd5 Nd6 73.Ke5 
Nb5 74.h5 Nc7 75.h6+ Kh8 76.Bf7 Kh7 77.Kf5 Nb5 78.Bd5 Nc7 79.Bc4 1/2-1/2

[Event "34th Asia-ch U20"]
[Site "Tashkent UZB"]
[Date "2012.06.06"]
[Round "8.10"]
[White "Khudoykulov, Nuriddin"]
[Black "Aripov, Iskandar"]
[Result "0-1"]
[WhiteElo "2023"]
[BlackElo "2188"]
[EventDate "2012.05.30"]
[PlyCount "122"]

1.e4 c5 2.Nf3 g6 3.c4 Bg7 4.d4 Qa5+ 5.Nc3 Nf6 6.Qc2 Nc6 7.dxc5 Nxe4 8.Qxe4
Bxc3+ 9.Bd2 Bxd2+ 10.Nxd2 Qxc5 11.Be2 d6 12.O-O Bf5 13.Qe3 Qxe3 14.fxe3 
Ne5 15.e4 Be6 16.Rac1 Rc8 17.b3 f6 18.Nf3 Nxf3+ 19.gxf3 g5 20.Kf2 Rc7 21.
Ke3 Kd7 22.Rg1 Rhc8 23.Rcd1 Rg8 24.Bd3 b6 25.Rg3 Kc6 26.Kd4 Bf7 27.Rdg1 
e5+ 28.Ke3 Rg6 29.R3g2 Rh6 30.Rd2 Rh4 31.Rg4 Rxg4 32.fxg4 Be6 33.Be2 Rg7 
34.Bf3 Rg6 35.Rf2 Rh6 36.Be2 Kd7 37.Kd2 Ke7 38.Rg2 Rh3 39.Kd1 Bf7 40.Kd2 
Bg6 41.Bd3 h5 42.gxh5 Bxh5 43.Rf2 Kf7 44.Rg2 Kg6 45.Rf2 Rh4 46.Kc1 Rf4 47.
Rg2 Bf3 48.Rf2 Bh1 49.Re2 Rf1+ 50.Kd2 Rg1 51.Ke3 Rg2 52.Rf2 Rxf2 53.Kxf2 
g4 54.Kg3 Kg5 55.b4 f5 56.exf5 e4 57.f6 Kxf6 58.Bc2 Kf5 59.a4 a5 60.bxa5 
bxa5 61.Kf2 Kf4 0-1

[Event "34th Asia-ch U20"]
[Site "Tashkent UZB"]
[Date "2012.06.07"]
[Round "9.1"]
[White "Narayanan, Srinath"]
[Black "Vakhidov, Jahongir"]
[Result "1/2-1/2"]
[WhiteElo "2383"]
[BlackElo "2439"]
[EventDate "2012.05.30"]
[PlyCount "33"]

1.e4 c5 2.Nf3 Nc6 3.d4 cxd4 4.Nxd4 g6 5.c4 Bg7 6.Nc2 Nf6 7.Nc3 d6 8.Be2 
Nd7 9.Bd2 a5 10.O-O Nc5 11.Qc1 h5 12.Rd1 b6 13.Ne1 Ne6 14.Nc2 Nc5 15.Ne1 
Ne6 16.Nc2 Nc5 17.Ne1 1/2-1/2

[Event "34th Asia-ch U20"]
[Site "Tashkent UZB"]
[Date "2012.06.07"]
[Round "9.2"]
[White "Khoroshev, Nikita"]
[Black "Aravindh, Chithambaram VR"]
[Result "1/2-1/2"]
[WhiteElo "2319"]
[BlackElo "2228"]
[EventDate "2012.05.30"]
[PlyCount "44"]

1.d4 Nf6 2.c4 e6 3.Nf3 d5 4.Nc3 Be7 5.Bg5 O-O 6.e3 h6 7.Bh4 b6 8.Bxf6 Bxf6
9.cxd5 exd5 10.Qb3 c6 11.Be2 Bf5 12.O-O Qd6 13.Rfd1 Nd7 14.h3 b5 15.Bd3 
Bxd3 16.Rxd3 Rfe8 17.Rc1 a5 18.Rdd1 Nb6 19.Rd3 Nd7 20.Rdd1 Nb6 21.Rd3 Nd7 
22.Rdd1 Nb6 1/2-1/2

[Event "34th Asia-ch U20"]
[Site "Tashkent UZB"]
[Date "2012.06.07"]
[Round "9.3"]
[White "Swayams, Mishra"]
[Black "Akhmetov, Ayan"]
[Result "0-1"]
[WhiteElo "2420"]
[BlackElo "2264"]
[EventDate "2012.05.30"]
[PlyCount "64"]

1.d4 Nf6 2.c4 c5 3.d5 d6 4.Nc3 g6 5.e4 Bg7 6.Be2 O-O 7.Nf3 e5 8.O-O h6 9.
Ne1 Ne8 10.Nd3 Nd7 11.Be3 f5 12.f4 exf4 13.Nxf4 Ne5 14.exf5 Bxf5 15.g4 Bd7
16.h3 Qe7 17.Qd2 Nf6 18.Rae1 Rae8 19.b3 a6 20.Bd3 Nfxg4 21.hxg4 Qh4 22.Nd1
Nxg4 23.Ne6 Rxe6 24.Rxf8+ Bxf8 25.Re2 Rf6 26.Rg2 Bg7 27.Be2 Nxe3 28.Nxe3 
g5 29.Nf1 Rf8 30.Rh2 Bd4+ 31.Kh1 Qe4+ 32.Rg2 Bh3 0-1

[Event "34th Asia-ch U20"]
[Site "Tashkent UZB"]
[Date "2012.06.07"]
[Round "9.4"]
[White "Saiyn, Zhanat"]
[Black "Ankit, R. Rajpara"]
[Result "0-1"]
[WhiteElo "2180"]
[BlackElo "2412"]
[EventDate "2012.05.30"]
[PlyCount "70"]

1.d4 d5 2.Nf3 Nf6 3.c4 c6 4.Nc3 dxc4 5.a4 e6 6.e3 c5 7.Bxc4 Nc6 8.O-O cxd4
9.exd4 Be7 10.Bf4 O-O 11.Qd2 Nb4 12.Ne5 b6 13.Rfe1 Bb7 14.Rad1 Nbd5 15.Bg3
Rc8 16.Qd3 Bd6 17.Nb5 Bb4 18.Rf1 a6 19.Na3 Bd6 20.Nc2 Qe7 21.Bb3 Rfe8 22.
Qe2 a5 23.Rc1 Nd7 24.Rfd1 N5f6 25.Ne1 Qd8 26.Rxc8 Qxc8 27.Nxf7 Bxg3 28.
Bxe6 Bxh2+ 29.Kxh2 Qc7+ 30.Kg1 Bd5 31.Ng5+ Bxe6 32.Nxe6 Qd6 33.d5 Nxd5 34.
Nc2 Rxe6 35.Qd3 N7f6 0-1

[Event "34th Asia-ch U20"]
[Site "Tashkent UZB"]
[Date "2012.06.07"]
[Round "9.6"]
[White "Artemenko, Oleg"]
[Black "Yakubboev, Nodirbek"]
[Result "1/2-1/2"]
[WhiteElo "2298"]
[BlackElo "1909"]
[EventDate "2012.05.30"]
[PlyCount "74"]

1.c4 e6 2.d4 d5 3.Nc3 f5 4.Bf4 c6 5.e3 Nf6 6.Bd3 Be7 7.Qc2 Ne4 8.Nf3 O-O 
9.h3 Nd7 10.O-O-O Ndf6 11.Ne5 Nxc3 12.bxc3 c5 13.Kb1 cxd4 14.cxd4 dxc4 15.
Bxc4 Nd5 16.g4 Bd7 17.Bxd5 exd5 18.Qb3 Be6 19.Ka1 Qa5 20.Rb1 Ba3 21.Rhd1 
Rac8 22.Rd3 Bc1 23.Qd1 Ba3 24.Qb3 Bc1 25.Qb4 Qxb4 26.Rxb4 b6 27.Ra4 a5 28.
Rb3 g5 29.Bg3 f4 30.exf4 gxf4 31.Bh4 Bd2 32.Rxb6 Rc1+ 33.Kb2 Rfc8 34.Nd3 
R8c2+ 35.Ka3 Rc3+ 36.Kb2 R3c2+ 37.Ka3 Rc3+ 1/2-1/2

[Event "34th Asia-ch U20"]
[Site "Tashkent UZB"]
[Date "2012.06.07"]
[Round "9.7"]
[White "Aripov, Iskandar"]
[Black "Karayev, Assylkhan"]
[Result "0-1"]
[WhiteElo "2188"]
[BlackElo "2276"]
[EventDate "2012.05.30"]
[PlyCount "80"]

1.d4 Nf6 2.c4 d6 3.Nf3 Nbd7 4.Nc3 e5 5.e4 Be7 6.Be2 O-O 7.O-O c6 8.Be3 a6 
9.d5 c5 10.a3 Ne8 11.b4 b6 12.Rb1 g6 13.bxc5 bxc5 14.Bh6 Ng7 15.Qa4 f5 16.
Qc6 Ra7 17.Rb3 Rc7 18.Qa4 Nf6 19.Ng5 Nfe8 20.h4 Bxg5 21.Bxg5 Nf6 22.Rb8 
Qe7 23.Qa5 Nge8 24.Rfb1 Qg7 25.Bd3 h6 26.Bxf6 Qxf6 27.exf5 gxf5 28.g3 e4 
29.Bc2 e3 30.Rf1 Qg7 31.Ne2 f4 32.Qe1 f3 33.fxe3 fxe2 34.Rxf8+ Kxf8 35.
Qxe2 Qxg3+ 36.Qg2 Qxe3+ 37.Qf2+ Qxf2+ 38.Kxf2 Rb7 39.Rxb7 Bxb7 40.Ke3 Bc8 
0-1

[Event "34th Asia-ch U20"]
[Site "Tashkent UZB"]
[Date "2012.06.07"]
[Round "9.8"]
[White "Jumanov, Elbek"]
[Black "Begmuratov, Alisher"]
[Result "1/2-1/2"]
[WhiteElo "1941"]
[BlackElo "2249"]
[EventDate "2012.05.30"]
[PlyCount "42"]

1.c4 e6 2.Nf3 Nf6 3.g3 d5 4.d4 c6 5.Qc2 Bd6 6.Bg2 dxc4 7.Qxc4 Nbd7 8.Bf4 
Qa5+ 9.Nbd2 e5 10.dxe5 Nxe5 11.Nxe5 Bxe5 12.Bxe5 Qxe5 13.Bxc6+ Nd7 14.
Bxd7+ Bxd7 15.Qc3 Qxc3 16.bxc3 Rc8 17.Rc1 Be6 18.O-O Ke7 19.Rc2 Rc7 20.f3 
Rhc8 21.Rfc1 b5 1/2-1/2

[Event "34th Asia-ch U20"]
[Site "Tashkent UZB"]
[Date "2012.06.07"]
[Round "9.9"]
[White "Saeed, Ishaq"]
[Black "Ismailov, Mukhit"]
[Result "1-0"]
[WhiteElo "2240"]
[BlackElo "2221"]
[EventDate "2012.05.30"]
[PlyCount "49"]

1.d4 Nf6 2.Nf3 e6 3.c4 c5 4.e3 cxd4 5.exd4 d5 6.Nc3 Nc6 7.a3 dxc4 8.Bxc4 
Be7 9.O-O O-O 10.Re1 b6 11.d5 Na5 12.Ba2 exd5 13.Nxd5 Nxd5 14.Qxd5 Ba6 15.
Qf5 Nc4 16.Qe4 Nxa3 17.bxa3 Bf6 18.Ne5 Bd3 19.Qd5 Qc7 20.Bf4 Rad8 21.Qf3 
Qc2 22.Bb1 Qc3 23.Bxd3 Bxe5 24.Bxh7+ Kxh7 25.Qh5+ 1-0

[Event "34th Asia-ch U20"]
[Site "Tashkent UZB"]
[Date "2012.06.07"]
[Round "9.14"]
[White "Khudoykulov, Nuriddin"]
[Black "Shavdirov, Jahongir"]
[Result "1-0"]
[WhiteElo "2023"]
[BlackElo "1903"]
[EventDate "2012.05.30"]
[PlyCount "75"]

1.e4 c5 2.Nf3 Nc6 3.d4 cxd4 4.Nxd4 Nf6 5.Nc3 e6 6.Ndb5 Bb4 7.a3 Bxc3+ 8.
Nxc3 d5 9.exd5 exd5 10.Bg5 d4 11.Qe2+ Be6 12.Ne4 Qa5+ 13.Bd2 Qe5 14.Nxf6+ 
Qxf6 15.O-O-O O-O 16.f4 Rfd8 17.Qf3 Rac8 18.Bd3 b6 19.Kb1 Na5 20.g4 Bd5 
21.Qh3 g6 22.Rhe1 Bc4 23.Bxa5 bxa5 24.Bxc4 Rxc4 25.f5 Rb8 26.Qd3 Qb6 27.
Re8+ Rxe8 28.Qxc4 Qd6 29.Rxd4 Qxh2 30.Rd7 Rf8 31.Qd4 Qh3 32.f6 h6 33.c4 a4
34.c5 Qb3 35.c6 Re8 36.Rd8 Qe6 37.c7 Qe1+ 38.Ka2 1-0